ՀՀ Գիտությունների ազգային ակադեմիայի հիմնարար գիտական գրադարան  =   Fundamental Scientific Library of NAS RA

Մագիստրանտների հոգեբանական հատկությունների նկարագիր / (Record no. 352914)

MARC details
000 -LEADER
fixed length control field 01489nam a2200301 a 4500
001 - CONTROL NUMBER
control field 001093826
003 - CONTROL NUMBER IDENTIFIER
control field AM-YeHGA
005 - DATE AND TIME OF LATEST TRANSACTION
control field 20250618074424.0
008 - FIXED-LENGTH DATA ELEMENTS--GENERAL INFORMATION
fixed length control field 150311s2015 ai |||||||||||||||||arm d
020 ## - INTERNATIONAL STANDARD BOOK NUMBER
International Standard Book Number 9789993068440
040 ## - CATALOGING SOURCE
Original cataloging agency AM-YeHGA
041 0# - LANGUAGE CODE
Language code of text/sound track or separate title arm
090 ## - LOCALLY ASSIGNED LC-TYPE CALL NUMBER (OCLC); LOCAL CALL NUMBER (RLIN)
-- 354730
245 00 - TITLE STATEMENT
Title Մագիստրանտների հոգեբանական հատկությունների նկարագիր /
Statement of responsibility, etc. Ռ.Վ. Աղուզումցյան, Լ.Հ. Պետրոսյան, Ա.Ռ. Խաչատրյան, Ն.Ա. Զեյնալյան ; ՀՀ պետ. կառավարման ակադեմիա .
260 ## - PUBLICATION, DISTRIBUTION, ETC.
Place of publication, distribution, etc. Երևան :
Name of publisher, distributor, etc. ՀՀ պետ. կառավարման ակադեմիա,
Date of publication, distribution, etc. 2015.
300 ## - PHYSICAL DESCRIPTION
Extent 132 էջ :
Other physical details նկ., աղ.
650 14 - SUBJECT ADDED ENTRY--TOPICAL TERM
Topical term or geographic name entry element Մագիստրանտների հոգեբանական առանձնահատկությունները
650 14 - SUBJECT ADDED ENTRY--TOPICAL TERM
Topical term or geographic name entry element Շարունակական կրթություն
650 14 - SUBJECT ADDED ENTRY--TOPICAL TERM
Topical term or geographic name entry element Կրթության կառավարում
650 14 - SUBJECT ADDED ENTRY--TOPICAL TERM
Topical term or geographic name entry element Կրթական հոգեբանություն
650 14 - SUBJECT ADDED ENTRY--TOPICAL TERM
Topical term or geographic name entry element Հոգեբանություն
General subdivision Կրթության բնագավառ
650 14 - SUBJECT ADDED ENTRY--TOPICAL TERM
Topical term or geographic name entry element Կրթության կազմակերպում
700 1# - ADDED ENTRY--PERSONAL NAME
Personal name Աղուզումցյան, Ռուբեն Վազգենի,
Dates associated with a name 1945-
9 (RLIN) 2120
700 1# - ADDED ENTRY--PERSONAL NAME
Personal name Պետրոսյան, Լաուրա Համբարձումի
700 1# - ADDED ENTRY--PERSONAL NAME
Personal name Խաչատրյան, Ա.Ռ.
700 1# - ADDED ENTRY--PERSONAL NAME
Personal name Զեյնալյան, Ն.Ա.
710 2# - ADDED ENTRY--CORPORATE NAME
Corporate name or jurisdiction name as entry element Հայաստանի Հանրապետության պետական կառավարման ակադեմիա
Holdings
Withdrawn status Lost status Damaged status Not for loan Collection Home library Current library Date acquired Cost, normal purchase price Shelving control number Total checkouts Full call number Barcode Date last seen Price effective from Koha item type Public note
        General Fundamental Scientific Library Fundamental Scientific Library 11/01/2017 1500.00     AII/100748 FL0359091 11/01/2017 11/01/2017 Գրքեր / Books 30 Days Loan
        General Fundamental Scientific Library Fundamental Scientific Library 11/01/2017 1500.00     AII/100749 FL0359092 11/01/2017 11/01/2017 Գրքեր / Books 30 Days Loan
        General Fundamental Scientific Library Fundamental Scientific Library 11/01/2017 1500.00     AII/100930 FL0363567 11/01/2017 11/01/2017 Գրքեր / Books 30 Days Loan


ՀՀ ԳԱԱ հիմնարար գիտական գրադարան
ՀՀ,Երևան 0019
Մարշալ Բաղրամյան 24/6
հեռախոս:(374-10) 52-47-50
Հետադարձ կապ

All site content, except where otherwise noted, is licensed under a
Creative Commons License